000 01062nam a2200121Ia 4500
008 220615s9999||||xx |||||||||||||| ||und||
245 0 _aGreen Concrete for a Better Sustainable Environment
546 _aEnglish[eng]
650 _arecycled aggregate concrete||shrinkage and creep||attached mortar||prediction model||construction and demolition wastes||resource utilization||recycled concrete hollow block||masonry walls||seismic performance||steel frame||infilled shear walls||semi-rigid connection||seismic behavior||MSWI bottom ash||concrete||sulfate attack||capillary transport||crystallization||husk mortar wallboard||experiment||lateral strength||strain||failure load||full replacement ratio||section steel and RAC||bond behavior||SRRC (Steel Reinforced Recycled Concrete)||bond strength||bond slip||numerical simulation||salt||NaCl||asphalt concrete||freeze–thaw cycles||winter road||industrial waste||sustainable concrete||recycled expanded glass||n/a
700 _aTang, Patrick
856 _uhttps://mdpi.com/books/pdfview/book/2825
942 _cEB
999 _c10021
_d10021